00296 2200133 4500001002100000005001500021035002000036245003000056100001200086260003100098082000800129084001400137990001100151INLIS00000000000243620250604101721 a0010-06250000221 aTirai Menurun /cNH. Dini0 aNH Dini aJakarta :bGramedia,c1997 a800 a800 NH t a983584